000 00287nam a2200109Ia 4500
001 588843
005 20250717120838.0
008 250717s9999 xx 000 0 und d
245 0 _aV-15 BULUŞLAR VE SERÜVENLERİ TRENLER
_cXACT STUDİA
260 _bTİMAŞ YAYINLARI
_c2020
300 _b64
999 _c588843
_d588843